DISEÑO E IMPLEMENTACION DE UN SISTEMA Y UNA PAGINA WEB EN LA ENVASADORA DE AGUA LAS DAMAS DE DUVERGE PROVINCIA INDEPENDENCIA 2011 (Record no. 419)

MARC details
000 -LEADER
campo de control de longitud fija 00978nam a22002177a 4500
001 - NÚMERO DE CONTROL
campo de control 1560
005 - FECHA Y HORA DE LA ÚLTIMA TRANSACCIÓN
campo de control 20250522045537.0
008 - DATOS DE LONGITUD FIJA--INFORMACIÓN GENERAL
campo de control de longitud fija 5230202011 dr a
090 ## - LOCALMENTE ASIGNADO TIPO-LC NÚMERO DE CLASIFICACIÓN (OCLC); NÚMERO DE CLASIFICACIÓN LOCAL (RLIN)
Número de clasificación (OCLC) (R) ; Numero de clasificación, CALL (RLIN) (NR) INF 2011-009
100 ## - ENTRADA PRINCIPAL--NOMBRE DE PERSONA
Nombre de persona MATOS FIGUEREO, EDERMIRO
245 ## - MENCIÓN DEL TÍTULO
Título DISEÑO E IMPLEMENTACION DE UN SISTEMA Y UNA PAGINA WEB EN LA ENVASADORA DE AGUA LAS DAMAS DE DUVERGE PROVINCIA INDEPENDENCIA 2011
Mención de responsabilidad, etc. Edermiro Matos Figuereo, Ruddy Staile Florentino Pérez, Rocío Elizabeth Medina Rodríguez, Marilenny Pérez Vólquez
260 ## - PUBLICACIÓN, DISTRIBUCIÓN, ETC.
Lugar de publicación, distribución, etc. Barahona :
Nombre del editor, distribuidor, etc. UNIVERSIDAD CATOLICA TECNOLOGICA DE BARAHONA
300 ## - DESCRIPCIÓN FÍSICA
Extensión xvii, 144, [14]h : il / 28 Cm
Otros detalles físicos il.
502 ## - NOTA DE TESIS
Nota de tesis Tesis
504 ## - NOTA DE BIBLIOGRAFÍA, ETC.
Nota de bibliografía, etc. Nota Incluye Bibliografía
650 ## - PUNTO DE ACCESO ADICIONAL DE MATERIA--TÉRMINO DE MATERIA
Fuente del encabezamiento o término 1.DISEÑO E IMPLEMENTACION DE SISTEMA PARA UNA ENVASADORA DE AGUA
650 ## - PUNTO DE ACCESO ADICIONAL DE MATERIA--TÉRMINO DE MATERIA
Fuente del encabezamiento o término 2.DISEÑO E IMPLEMENTACION DE PAGINA WEB
700 ## - ENTRADA AGREGADA--NOMBRE PERSONAL
Nombre de persona I.FLORENTINO PEREZ, RUDDY STAILE, COAUT
700 ## - ENTRADA AGREGADA--NOMBRE PERSONAL
Nombre de persona II.MEDINA RODRIGUEZ, ROCIO ELIZABETH, COAUT
700 ## - ENTRADA AGREGADA--NOMBRE PERSONAL
Nombre de persona III.PEREZ VOLQUEZ, MARILENNY, COAUT
Holdings
Estatus retirado Estado de pérdida Estado de daño No para préstamo Colección Biblioteca de origen Biblioteca actual Fecha de adquisición Total de préstamos Signatura topográfica completa Código de barras Visto por última vez Copia número Precio de reemplazo Tipo de ítem Koha
        Acervo general de Libros Biblioteca Central Mons. Favio M. Rivas S. Biblioteca Central Mons. Favio M. Rivas S. 20/03/2013   INF 2011-009 000000000488 23/05/2025 1 23/05/2025 Tesis